书目信息 |
| 题名: |
学会表达,赢得人生
|
|
| 作者: | 赵洁 主编 | |
| 分册: | ||
| 出版信息: | 哈尔滨 黑龙江美术出版社 2019.6 |
|
| 页数: | 215页 | |
| 开本: | 21cm | |
| 丛书名: | ||
| 单 册: | ||
| 中图分类: | C912.13-49 | |
| 科图分类: | ||
| 主题词: | 心理交往--语言艺术--通俗读物 | |
| 电子资源: | ||
| ISBN: | 978-7-5593-4932-3 | |
| 000 | 00999nam0 2200229 45 | |
| 001 | 012001003098 | |
| 005 | 20131025091701.0 | |
| 010 | @a978-7-5593-4932-3@dCNY32.80 | |
| 100 | @a20190517d2019 em y0chiy0110 ea | |
| 101 | 0 | @achi |
| 102 | @aCN@b230000 | |
| 105 | @ay z 000yy | |
| 106 | @ar | |
| 200 | 1 | @a学会表达,赢得人生@9xue hui biao da , ying de ren sheng@f赵洁主编 |
| 210 | @a哈尔滨@c黑龙江美术出版社@d2019.6 | |
| 215 | @a215页@d21cm | |
| 330 | @a在人际关系互动频繁的时代,说话技巧变得愈来愈重要。说话代表一个人的沟通能力,而沟通能力更是人际关系的基石。会说话,不仅沟通无碍、谈话愉快,也有助于达成工作目标,赢得人缘。现实社会是复杂的,和人打交道是一件很奇妙的事情。有很多方法可以让我们在和别人交往时游刃有余,得心应手。回话也是一种智慧,如何一开口就让人心生欢喜,能够有效化解生活中的各种矛盾和争端。 | |
| 606 | 0 | @a心理交往@x语言艺术@x通俗读物 |
| 690 | @aC912.13-49@v5 | |
| 701 | 0 | @a赵洁@9zhao jie@4主编 |
| 801 | 0 | @aCN@b江苏凤凰@c20191020 |
| 905 | @b1226120-3@dC912.13-49@e1669@f4 | |
| 学会表达,赢得人生/赵洁主编.-哈尔滨:黑龙江美术出版社,2019.6 |
| 215页;21cm |
| ISBN 978-7-5593-4932-3:CNY32.80 |
| 在人际关系互动频繁的时代,说话技巧变得愈来愈重要。说话代表一个人的沟通能力,而沟通能力更是人际关系的基石。会说话,不仅沟通无碍、谈话愉快,也有助于达成工作目标,赢得人缘。现实社会是复杂的,和人打交道是一件很奇妙的事情。有很多方法可以让我们在和别人交往时游刃有余,得心应手。回话也是一种智慧,如何一开口就让人心生欢喜,能够有效化解生活中的各种矛盾和争端。 |
| ● |
| 相关链接 |
|
|
|
|
正题名:学会表达,赢得人生
索取号:C912.13-49/1669
 
预约/预借
| 序号 | 登录号 | 条形码 | 馆藏地/架位号 | 状态 | 备注 |
| 1 | 1226120 | 212261201 | 第一样本阅览室/ [索取号:C912.13-49/1669] | 在馆 | |
| 2 | 1226121 | 212261210 | 教育系资料室/ [索取号:C912.13-49/1669] | 在馆 | |
| 3 | 1226122 | 212261229 | 教育系资料室/ [索取号:C912.13-49/1669] | 在馆 | |
| 4 | 1226123 | 212261238 | 第一借阅区/ [索取号:C912.13-49/1669] | 在馆 |